Logo BPK

Biblioteka

Politechniki Koszalińskiej

Komentarz do kodeksu postępowania cywilnego. (Rekord nr 44994)

Szczegóły MARC
000 -ETYKIETA REKORDU
podpole kontrolne o stałej długości 00943nam a2200241 i 4500
001 - NUMER KONTROLNY REKORDU
pole kontrolne bg
020 ## - MIĘDZYNARODOWY ZNORMALIZOWANY NUMER KSIĄŻKI - ISBN
ISBN 8373343342 (cz. 3)
040 ## - ŹRÓDŁO KATALOGOWANIA
Instytucja, która utworzyła rekord BPK
041 0# - KOD JĘZYKA
Kod języka tekstu pol
080 ## - UNIWERSALNA KLASYFIKACJA DZIESIĘTNA - UKD
UKD 341.9:347.91/.95
920 ## - Międzynarodowy znormalizowany numer książki – ISBN
ISBN 83-7334-334-2 (cz. 3)
008 - POLE O STAŁEJ DŁUGOŚCI - DANE KONTROLNE
podpole kontrolne o stałej długości s pl f |000 0 pol
100 1# - NAZWA OSOBOWA
Nazwa osobowa ERECIŃSKI, Tadeusz
Daty związane z nazwą (1946- ).
245 10 - TYTUŁ/ODPOWIEDZIALNOŚĆ
Tytuł Komentarz do kodeksu postępowania cywilnego.
Oznaczenie części/sekcji dzieła Cz.3,
Tytuł części/sekcji dzieła Przepisy z zakresu międzynarodowego postępowania cywilnego /
Pozostałe elementy strefy tytułu i oznaczenia odpowiedzialności Tadeusz Ereciński, Jan Ciszewski ; pod red. Tadeusza Erecińskiego.
250 ## - STREFA WYDANIA
Oznaczenie wydania Wyd 3, stan prawny na 1 maja 2004 r.
260 ## - STREFA ADRESU WYDAWNICZEGO
Miejsce wydania Warszawa :
Nazwa wydawcy/dystrybutora Wydaw. Prawnicze "LexisNexis",
Data publikacji, dystrybucji/powstania dokumentu 2004.
300 ## - STREFA OPISU FIZYCZNEGO
Objętość 317, [2] s. ;
Rozmiary 25 cm.
504 ## - UWAGA DOTYCZĄCA BIBLIOGRAFII
Informacje o bibliografii Indeks.
650 #9 - HASŁO PRZEDMIOTOWE W FORMIE NAZWY OGÓLNEJ LUB JEDNOSTKOWEJ
Nazwa ogólna lub geograficzna Postępowanie cywilne międzynarodowe
Określnik chronologiczny stan na 2004 r.
700 1# - HASŁO DODATKOWE - NAZWA OSOBOWA
Nazwa osobowa CISZEWSKI, Jan.
856 ## - LOKALIZACJA I DOSTĘP DO ELEKTRONICZNYCH DOKUMENTÓW ZDALNYCH
Link (URL) http://koha.tu.koszalin.pl/cgi-bin/koha/opac-detail.pl?biblionumber=44994
Tekst linku Katalog online BPK
942 ## - DODATKOWE ELEMENTY (KOHA)
Typ dokumentu Książka
Egzemplarze
Wycofany Status egzemplarza Uszkodzony Dostępność Lokalizacja stała Lokalizacja bieżąca Miejsce przechowywania Sygnatura Kod kreskowy Typ dokumentu
      Dostępny Biblioteka Politechniki Koszalińskiej Biblioteka Politechniki Koszalińskiej Wypożyczalnia BG 73000 02181721 Książka
© 2023 Biblioteka Politechniki Koszalińskiej :: KOHA